Lataa...

How I Taught My Grandmother to read and other stories

Bibliografiset tiedot
Päätekijä: Sudha Murty
Aineistotyyppi: Printed Book
Kieli:English
Julkaistu: New Delhi Puffin Books 2004
LEADER 00505nam a22001457a 4500
008 140707b xxu||||| |||| 00| 0 eng d
020 |a 9780143335986 
082 |a IE 823 SUD/H 
100 |a Sudha Murty 
245 |a How I Taught My Grandmother to read and other stories 
260 |a New Delhi  |b Puffin Books  |c 2004 
300 |a 133p 
942 |c BK 
999 |c 259132  |d 259132 
952 |0 0  |1 0  |4 0  |6 IE_823_000000000000000_SUD_H  |7 0  |9 288529  |a RUS  |b RUS  |c ST1  |d 2014-07-07  |i 8132  |l 0  |o IE 823 SUD/H  |p RUS8132  |r 2014-07-07  |w 2014-07-07  |y BK